Los derechos humanos.
Guardat en:
| Autor principal: | |
|---|---|
| Altres autors: | , , , , , , , , |
| Format: | Llibre |
| Idioma: | espanyol |
| Publicat: |
Mendoza, Argentina:
Idearium,
1985.
|
| Edició: | Primera edición. |
| Matèries: | |
| Etiquetes: |
Afegir etiqueta
Sense etiquetes, Sigues el primer a etiquetar aquest registre!
|
MARC
| LEADER | 00000cam a2200000 a 4500 | ||
|---|---|---|---|
| 001 | UCD4637 | ||
| 003 | CL-VaPUC | ||
| 005 | 20220822114410.0 | ||
| 008 | 160713e19850000ag |||||||||||||||||spa|d | ||
| 999 | |c 365508 |d 365506 | ||
| 040 | |c Pontificia Universidad Católica de Valparaíso | ||
| 082 | 0 | 4 | |a 323.4 MAS 1985 |2 21 |
| 100 | |a Massini Correas, Carlos Ignacio |e compilador |9 867797 | ||
| 245 | 1 | 4 | |a Los derechos humanos. |
| 250 | |a Primera edición. | ||
| 260 | |a Mendoza, Argentina: |b Idearium, |c 1985. | ||
| 300 | |a 203 páginas. | ||
| 500 | |a c.2 Donación Familia Prof. Alejandro Guzmán Brito. | ||
| 583 | |a last modification |c 20160713 20:53:00 |k Rodrigo Vera | ||
| 650 | 0 | |a Derechos humanos |9 223025 | |
| 650 | 0 | |a Derecho natural |9 255041 | |
| 650 | 0 | |a Derechos civiles |9 255655 | |
| 700 | |a Derisi, Octavio Nicolás |9 378207 |e autor | ||
| 700 | |a Espinosa, Nolberto A. |9 867798 |e autor | ||
| 700 | |a Fernández Sabaté, Edgardo |9 867799 |e autor | ||
| 700 | |a Goldschmidt, Werner |9 395073 |e autor | ||
| 700 | |a Ibáñez Santa María, Gonzalo |9 617146 |e autor | ||
| 700 | |a Kalinowski, Georges |9 256507 |e autor | ||
| 700 | |a Massini Correas, Carlos Ignacio |9 556253 |e autor | ||
| 700 | |a Montejano, Bernardino |9 560671 |e autor | ||
| 700 | |a Soto Kloss, Eduardo |9 540672 |e autor | ||
| 700 | |a Villey, Michel |9 257972 |e autor | ||
| 942 | |c BK |2 ddc |n 0 | ||
| 945 | |d 20160713 20:53:00 |a arojas | ||
| 952 | |0 0 |1 0 |3 erb |4 0 |6 323_400000000000000_MAS_1985 |7 0 |8 A |9 479389 |a FDOHBE |b FDOHBE |e Huesbe Llanos, Marco Antonio, 1934- |i 5306051 |o 323.4 MAS 1985 |p 5306051 |r 2024-01-30 |w 2019-11-24 |y BK |z Catalogado en:20160713 |k HBE | ||